00901nam a22002297a 4500003001100000005001700011008004100028020001800069040003900087041000800126082001800134100001800152245007700170260005500247300003200302520008300334650007800417650003500495650005800530650002500588650005800613LK-CoMWRAF20240120005422.0240120b2009 |||||||| |||| 00| 0 eng d a9789551772345 aLK-CoMWRAFdLK-CoMWRAFeLK-CoMWRAF aeng a303.4852bCRU aCrusz, Robert aThe Tsunami - affected Burgher women of Dutch Bar, Batticaloa, Sri Lanka aColombo : bSocial Scientists' Association, c2009 a25 p. : ill., maps ; 24 cm. aStudy on Burgher women victims of Tsunami in Dutch Bar, Batticaloa, Sri Lanka. aWomen disaster victims -- Sri Lanka -- Dutch Bar (Batticaloa, Sri Lanka)  a Burghers (Sri Lankan people)  aTsunami damage -- Sri Lanka -- Dutch Bar (Batticaloa) aIndian Ocean Tsunami aTsunami relief -- Sri Lanka -- Dutch Bar (Batticaloa)